<?xml version="1.0" encoding="UTF-8"?>
<collection xmlns="http://www.loc.gov/MARC21/slim">
<record>
  <controlfield tag="001">154358</controlfield>
  <controlfield tag="005">20250513101700.0</controlfield>
  <datafield tag="037" ind1=" " ind2=" ">
    <subfield code="a">TAZ-TFG-2024-597</subfield>
  </datafield>
  <datafield tag="041" ind1=" " ind2=" ">
    <subfield code="a">spa</subfield>
  </datafield>
  <datafield tag="100" ind1="1" ind2=" ">
    <subfield code="a">Merino Maestro, María</subfield>
  </datafield>
  <datafield tag="242" ind1="0" ind2="0">
    <subfield code="a">Health Education Programme on the use of the main inhaler devices in paediatric asthma</subfield>
  </datafield>
  <datafield tag="245" ind1="0" ind2="0">
    <subfield code="a">Programa de Educación para la Salud dirigido al uso de los principales dispositivos de inhalación en asma pediátrica</subfield>
  </datafield>
  <datafield tag="260" ind1=" " ind2=" ">
    <subfield code="a">Zaragoza</subfield>
    <subfield code="b">Universidad de Zaragoza</subfield>
    <subfield code="c">2024</subfield>
  </datafield>
  <datafield tag="506" ind1=" " ind2=" ">
    <subfield code="a">by-nc-sa</subfield>
    <subfield code="b">Creative Commons</subfield>
    <subfield code="c">3.0</subfield>
    <subfield code="u">http://creativecommons.org/licenses/by-nc-sa/3.0/</subfield>
  </datafield>
  <datafield tag="520" ind1=" " ind2=" ">
    <subfield code="a">Introducción: El asma es una enfermedad respiratoria que cursa con inflamación e hiperreactividad de las vías aéreas. Es un problema de salud pública con gran impacto en nuestra sociedad, provocando limitación de la calidad de vida de las personas que lo padecen. La terapia inhalada, independientemente de la edad, es el tratamiento de elección para esta enfermedad. Los sistemas de inhalación varían según la edad y la capacidad para activar el dispositivo. Fundamentalmente, para el asma se utilizan inhaladores presurizados, asociados o no a una cámara espaciadora, de polvo seco, monodosis o multidosis y las nebulizaciones. Uno de los principales errores que comete la población es el uso incorrecto de estos dispositivos, ya sea por desconocimiento o por una mala técnica inhalatoria. Por ello, es fundamental una buena educación y entrenamiento en habilidades de terapia inhalada para conseguir un buen manejo de la enfermedad.&lt;br />Objetivo principal: Elaborar un Programa de Educación para la Salud dirigido a niños asmáticos y a sus cuidadores principales, liderado por enfermeras de Atención Primaria y destinado al uso correcto de los dispositivos de inhalación.&lt;br />Metodología: Se realizó un Programa de Educación para la Salud que incluye una revisión bibliográfica fundamentada en bases de datos y páginas web, con el fin de recopilar información y seleccionar aquella más relevante para su desarrollo.&lt;br />Conclusión: El desconocimiento y el uso incorrecto de los inhaladores hacen necesaria la elaboración de este programa educativo con la finalidad de mejorar la técnica de los dispositivos de inhalación. El equipo de enfermería será el protagonista fundamental del desarrollo del programa, proporcionando información tanto verbal como escrita y actuando como una figura de referencia para los asistentes.&lt;br />&lt;br /></subfield>
  </datafield>
  <datafield tag="521" ind1=" " ind2=" ">
    <subfield code="a">Graduado en Enfermería</subfield>
  </datafield>
  <datafield tag="540" ind1=" " ind2=" ">
    <subfield code="a">Derechos regulados por licencia Creative Commons</subfield>
  </datafield>
  <datafield tag="856" ind1="0" ind2=" ">
    <subfield code="f">815615@unizar.es</subfield>
  </datafield>
  <datafield tag="856" ind1="4" ind2=" ">
    <subfield code="s">1216436</subfield>
    <subfield code="u">http://zaguan.unizar.es/record/154358/files/TAZ-TFG-2024-597.pdf</subfield>
    <subfield code="y">Memoria (spa)</subfield>
  </datafield>
  <datafield tag="909" ind1="C" ind2="O">
    <subfield code="o">oai:zaguan.unizar.es:154358</subfield>
    <subfield code="p">driver</subfield>
    <subfield code="p">trabajos-fin-grado</subfield>
  </datafield>
  <datafield tag="950" ind1=" " ind2=" ">
    <subfield code="a"></subfield>
  </datafield>
  <datafield tag="691" ind1=" " ind2=" ">
    <subfield code="a">3 4</subfield>
  </datafield>
  <datafield tag="692" ind1=" " ind2=" ">
    <subfield code="a">Impacto en la salud y bienestar y educación en calidad: Al mejorar la gestión del asma en niños, se contribuye a mejorar la salud y calidad de vida de las personas. Menos episodios agudos de asma significan menos uso de servicios de emergencia y transporte, lo que a su vez puede reducir la huella de carbono asociada con estos servicios. </subfield>
  </datafield>
  <datafield tag="700" ind1=" " ind2=" ">
    <subfield code="a">Benito Ruiz, Eva</subfield>
    <subfield code="e">dir.</subfield>
  </datafield>
  <datafield tag="710" ind1="2" ind2=" ">
    <subfield code="a">Universidad de Zaragoza</subfield>
    <subfield code="b">Fisiatría y Enfermería</subfield>
    <subfield code="c">Enfermería</subfield>
  </datafield>
  <datafield tag="980" ind1=" " ind2=" ">
    <subfield code="a">TAZ</subfield>
    <subfield code="b">TFG</subfield>
    <subfield code="c">EUCS</subfield>
  </datafield>
  <datafield tag="999" ind1=" " ind2=" ">
    <subfield code="a">20240509175728.CREATION_DATE</subfield>
  </datafield>
  <datafield tag="951" ind1=" " ind2=" ">
    <subfield code="a">deposita:2025-05-13</subfield>
  </datafield>
</record>
</collection>